Spårväg City - Statistics

General Stats
  • This quiz has been taken 22 times
  • The average score is 7 of 11
Answer Stats
Answer % Correct
Djurgårdsbron
89%
Kungsträdgården
83%
Skansen
83%
Liljevalchs / Gröna Lund
78%
T Centralen
78%
Nybroplan
67%
Nordiska Museet / Vasamuseet
61%
Styrmansgatan
44%
Bellmansro
39%
Djurgårdsskolan
33%
Waldermarsudde
33%
No matching quizzes found
Score Distribution
Percent of People with Each Score
Percentile by Number Answered
Your Score History
You have not taken this quiz